Dutch Capitals Quiz Stats

 Plays Quiz not verified by Sporcle

Support Sporcle.
Go Orange.
Score 0/12 Timer 15:00
0 Plays Today
Province Capital % Correct
UtrechtUtrecht
98.6%
GroningenGroningen
93.8%
South Holland's-Gravenhage
93.1%
LimburgMaastricht
89.1%
North HollandHaarlem
87%
North Brabant's-Hertogenbosch
85.5%
FlevolandLelystad
84.8%
FrieslandLeeuwarden
84.4%
ZeelandMiddelburg
82.6%
GelderlandArnhem
79%
OverijsselZwolle
78.3%
DrentheAssen
76.8%

You're not logged in!

Compare scores with friends on all Sporcle quizzes.
OR
Log In

From the Vault

TV Duo Match-Up

by minshkins

Partners in crime, best friends, peas in a pod.
Remove Ads.
Support Sporcle.
Get the best of Sporcle when you Go Orange. This ad-free experience offers more features, more stats, and more fun while also helping to support Sporcle. Thank you for becoming a member.

Show Comments

Extras

Created Sep 27, 2009ReportNominate
Tags:Capital Quiz, dutch, Province

Top Quizzes Today


Score Distribution

Your Account Isn't Verified!

In order to create a playlist on Sporcle, you need to verify the email address you used during registration. Go to your Sporcle Settings to finish the process.

Report this User

Report this user for behavior that violates our Community Guidelines.

Details: